000 01973nam a2200505 i 4500
001 25883
003 KOSZ 005
005 20200903133916.0
008 200903s1968 pl a f 000 0 pol
015 _aUWD 1969/1294
035 _a991036860409705066
035 _a(PL-WaBN)b19893590-48omnis_nlop
035 _ab19893590
035 _a(OCoLC)830887720
035 _a(PL)b0000001989359
035 _a(EXLNZ-48OMNIS_NETWORK)9910126316105606
040 _aWA N
_cWA N
_dKOSZ 005/RW
046 _k1968
080 _a661.38
080 _a537
100 1 _aMarciak-Kozłowska, Janina
_d(1936- )
_eAutor
245 1 0 _aRozwiązanie ogólnych równań transportu dla niejednorodnej nici półprzewodnikowej /
_cJanina Marciak-Kozłowska ; Instytut Technologii Elektronowej przy Naukowo-Produkcyjnym Centrum Półprzewodników.
260 _aWarszawa :
_b"Wema",
_c1968.
300 _a[2], 21 stron :
_bilustracje ;
_c24 cm.
336 _aTekst
_btxt
_2rdacontent
337 _aBez urządzenia pośredniczącego
_bn
_2rdamedia
338 _aWolumin
_bnc
_2rdacarrier
380 _aKsiążki
380 _aPublikacje fachowe
388 1 _a1901-2000
388 1 _a1945-1989
490 1 _aPrace Instytutu Technologii Elektronowej ;
_v26
504 _aBibliografia na stronie 21.
506 _aNa prawach rękopisu, do użytku wewnętrznego.
650 7 _aPółprzewodniki
_2DBN
650 7 _aModele matematyczne
655 7 _aOpracowanie
658 _aInżynieria i technika
710 2 _aCentrum Naukowo-Produkcyjne Półprzewodników i Mikroelektroniki.
_bInstytut Technologii Elektronowej
710 2 _aWydawnictwa Przemysłu Maszynowego "Wema"
_4pbl
830 0 _aPrace Instytutu Technologii Elektronowej CEMI
_v26
856 _uhttp://koha.tu.koszalin.pl/cgi-bin/koha/opac-detail.pl?biblionumber=25883
_yKatalog online BPK
942 _2UKD
_cKS
999 _c25883
_d25883